Library Banner

Textbook of physical diagnosis : (Record no. 113475)

MARC details
000 -LEADER
fixed length control field 00621cam a2200205 i 4500
001 - CONTROL NUMBER
control field 17845273
005 - DATE AND TIME OF LATEST TRANSACTION
control field 20190806091604.0
008 - FIXED-LENGTH DATA ELEMENTS--GENERAL INFORMATION
fixed length control field 130807s2014 paua b 001 0 eng
020 ## - INTERNATIONAL STANDARD BOOK NUMBER
International Standard Book Number 9780323221481 (hardcover : alk. paper)
040 ## - CATALOGING SOURCE
Transcribing agency PK-LaUMT
082 00 - DEWEY DECIMAL CLASSIFICATION NUMBER
Classification number 616.0754
Edition number 23
Item number SWA-T
100 1# - MAIN ENTRY--PERSONAL NAME
Personal name Swartz, Mark H.
245 10 - TITLE STATEMENT
Title Textbook of physical diagnosis :
Remainder of title history and examination /
Statement of responsibility, etc by Mark H. Swartz
250 ## - EDITION STATEMENT
Edition statement 7th ed.
260 ## - PUBLICATION, DISTRIBUTION, ETC. (IMPRINT)
Place of publication, distribution, etc Philadelphia :
Name of publisher, distributor, etc Elsevier,
Date of publication, distribution, etc 2014
300 ## - PHYSICAL DESCRIPTION
Extent xxi, 825 p. :
Other physical details color illustrations ;
Dimensions 29 cm
650 12 - SUBJECT ADDED ENTRY--TOPICAL TERM
Topical term or geographic name as entry element Diagnosis.
650 22 - SUBJECT ADDED ENTRY--TOPICAL TERM
Topical term or geographic name as entry element Medical History Taking.
942 ## - ADDED ENTRY ELEMENTS (KOHA)
Koha item type Books
Holdings
Withdrawn status Lost status Damaged status Home library Current library Date acquired Full call number Barcode Date last seen Price effective from Koha item type
      UMT Main Campus UMT Main Campus 2019-08-06 616.0754 SWA-T 131118 2024-01-01 2019-08-06 Books